| 000 | 00869cam a22002894a 4500 | ||
|---|---|---|---|
| 999 |
_c48234 _d48234 |
||
| 001 | 16097972 | ||
| 003 | Nust | ||
| 005 | 20180626051259.0 | ||
| 008 | 100219s2009 pk 000 0deng | ||
| 010 | _a 2010384237 | ||
| 020 |
_a9789699436000 (hbk) _cRs. 245 |
||
| 038 | _aArshad | ||
| 040 |
_aDLC _cDLC |
||
| 041 | 1 |
_aeng _hurd |
|
| 050 | 0 | 0 |
_aPK2201.R347 _bZ46 2009 |
| 082 |
_a891.43909 _bANI |
||
| 100 | 1 |
_aRahmaan, Anis Ur, _d1932- _911261 |
|
| 240 | 1 | 0 |
_aAnjuman-i ārzū. _lEnglish |
| 245 | 1 | 2 |
_aA galaxy of desires / _cAnis-ur-Rahmaan ; translated by Irfan A. Imtiazi. |
| 260 |
_aLahore : _bSuraj Pub., _c2009. |
||
| 300 |
_avi, 330 p. ; _c23 cm. |
||
| 546 | _aTranslated from Urdu. | ||
| 600 | 1 | 0 |
_aRahmaan, Anis Ur, _d1932- _xTravel. _911262 |
| 906 |
_a7 _bcbc _corignew _d3 _encip _f20 _gy-gencatlg |
||
| 942 |
_2ddc _cBK |
||